Longman preparation series for the TOEIC test : Introductory course - Tài liệu luyện thi Toeic /

Part I: Picture; Part II: Question-Response; Part III: Short conversations; Part IV: Short talks;...

Gespeichert in:
Bibliographische Detailangaben
1. Verfasser: Lougheed, Lin
Weitere Verfasser: Lin Lougheed
Format: Buch
Sprache:English
Veröffentlicht: Đà Nẵng : Đà Nẵng, 2004.
Schlagworte:
Tags: Tag hinzufügen
Keine Tags, Fügen Sie den ersten Tag hinzu!
Thư viện lưu trữ: Mạng thư viện Đại học Đà Nẵng
LEADER 01313nam a22003491a 4500
001 000037473
003 13768
005 20210420084813.0
008 160412s2004 000
020 |a 0201877899  |c 27000 
041 |a eng 
082 |a 428.0076  |b LO-L 
100 |a Lougheed, Lin 
242 0 |a English language . Tiếng Anh 
245 0 |a Longman preparation series for the TOEIC test : Introductory course - Tài liệu luyện thi Toeic /  |c Lin Lougheed. 
260 |a Đà Nẵng :  |b Đà Nẵng,  |c 2004. 
300 |a 245p. :  |b ill. ;  |c 20,5 cm+1CD. 
520 |a Part I: Picture; Part II: Question-Response; Part III: Short conversations; Part IV: Short talks;... 
653 |a Tiếng anh -Ngoại ngữ 
653 |a Ngữ pháp tiếng Anh 
653 |a Ngoại ngữ 
653 |a English language . Tiếng Anh . 
700 |a Lin Lougheed 
OWN |a LNN 
902 |a TKA 
AVA |a UDN50  |b LNN  |c English  |d 428.0076 LO-L  |e available  |t Error 5001 Not defined in file expand_doc_bib_avail.  |f 5  |g 0  |h N  |i 0  |j AN 
999 |a From the UDN01 
AVA |a UDN50  |b LNN  |c English  |d 428.0076 LO-L  |e available  |t Error 5001 Not defined in file expand_doc_bib_avail.  |f 5  |g 0  |h N  |i 0  |j AN 
TYP |a Monograph 
980 |a Mạng thư viện Đại học Đà Nẵng